Kariery MVP - Statystyki

Ogólne statystyki
  • Ten quiz został rozwiązany 11 razy
  • Średni wynik to 16 z 41
Statystyki odpowiedzi
Klub/ Zawodnik Sezon % Poprawnych
Brooklyn Nets 2017/18
63%
Denver Nuggets 2020/21
63%
Houston Rockets 2017/18
63%
James Harden 2017/18
63%
Joel Embiid 2022/23
63%
Kobe Bryant 2007/08
63%
Lebron James 2008/09
63%
Nikola Jokic 2020/21
63%
Oklahoma City Thunder 2016/17
63%
Oklahoma CIty Thunder 2017/18
63%
Philadelphia 76ers 2022/23
63%
Russel Westbrook 2016/17
63%
Stephen Curry 2014/15
63%
Chicago Bulls 2010/11
50%
Derrick Rose 2010/11
50%
Giannis Antetokoumnpo 2018/19
50%
Los Angeles Clippers 2017/18
50%
Los angeles Lakers 2007/08
50%
Milwaukee Bucks 2018/19
50%
Cleveland Cavaliers 2008/09
38%
Cleveland Cavaliers 2008/09
38%
Golden State Warriors 2014/15
38%
Kevin Durant 2013/14
38%
Los Angeles Lakers 2008/09
38%
Los Angeles Lakers 2016/17
38%
Miami Heat 2008/09
38%
Philadelphia76ers 2017/18
38%
Brooklyn Nets 2013/14
25%
Golden State Warriors 2013/14
25%
Houston Rockets 2016/17
25%
Los Angeles Clippers 2016/17
25%
Oklahoma City Thunder 2013/14
25%
Phoenix Suns 2013/14
25%
Washington Wizards 2016/17
25%
Memphis Grizzlies 2010/11
13%
Seattle Supersonics 2013/14
13%
Cleveland Cavaliers 2010/11
0%
Detroit Pistons 2010/11
0%
Minnesota Timberwolves 2010/11
0%
New York Knicks 2010/11
0%
New York Knicks 2010/11
0%
Nie znaleziono quizów pasujących do podanych kryteriów
Rozkład punktacji
Procent ludzi z każdym wynikiem
Percentyl według liczby udzielonych odpowiedzi
Twoja historia wyników
Nie rozwiązałeś tego quizu